000 01456nam a22002057a 4500
003 NALT
005 20251125232939.0
008 s2542 th o tha d
040 _aNALT
086 _aสผ 19 3.5 328.3 2542
110 2 _aสำนักงานเลขาธิการสภาผู้แทนราษฎร.
_bหอสมุดรัฐสภา.
_bส่วนพิพิธภัณฑ์และจดหมายเหตุ
_99576
245 1 0 _aเอกสารเผยแพร่ประวัติศาสตร์การเมืองไทย ความเป็นมาของสภาในประเทศไทย /
_cหอสมุดรัฐสภา สำนักงานเลขาธิการสภาผู้แทนราษฎร.
260 _aกรุงเทพฯ :
_bกลุ่มงานพิพิธภัณฑ์การเมืองการปกครอง ส่วนพิพิธภัณฑ์และจดหมายเหตุ หอสมุดรัฐสภา สำนักงานเลขาธิการสภาผู้แทนราษฎร,
_c2542.
300 _a10 หน้า ;
_c29.5 ซม.
650 4 _aรัฐสภา
_zไทย
_957374
850 _aNALT
856 4 0 _uhttps://hdl.handle.net/20.500.14156/463083
942 _cPAR
_2local
999 _c41025
_d41025
998 _j104
_k นางสาวสายฝน ดีงาม